00509nam a2200169Ia 4500999001500000003000400015005001700019008004100036040000900077082001500086100002600101245007200127250001200199260004900211650004300260942003600303 c8614d8614OSt20201008110634.0190216s9999||||xx |||||||||||||| ||und|| coclc a004bVEN/P aVenkataraman, R95445 0aPulse, Digital Circuits And Computer Fundamentals /cR Venkataraman a3rd Ed. bDhanpat Rai Publications,c1997.aNew Delhi: a"Computer Programming. Programs, Data" cBK2ddch004iVEN/Pk004mVEN/P